Gestión y fundamentos de evaluación de impacto ambiental

Este documento presenta el marco conceptual del proceso de evaluación de impacto ambiental, entendido como un instrumento de carácter preventivo que incorpora la dimensión ambiental en las nuevas acciones humanas y en las modificaciones a las obras y actividades existentes. El texto contiene concept...

Full description

Bibliographic Details
Main Author: Espinoza, Guillermo
Format: Recurso en linea
Language:Spanish
Published: Santiago, Chile : Banco Interamericano de desarrollo, Centro de estudios para el desarrollo, 2002.
Online Access:Acceso electrónico al documento

MARC

LEADER 00000nam a22000007a 4500
008 251027s2002 cl |||| o|||| 00| 0 spa d
040 |a UAHC  |c UAHC 
100 |a Espinoza, Guillermo  |9 22437 
245 |a Gestión y fundamentos de evaluación de impacto ambiental  |c Guillermo Espinoza. 
260 |a Santiago, Chile :   |b Banco Interamericano de desarrollo,  |b Centro de estudios para el desarrollo,   |c 2002. 
300 |a 246 páginas. 
500 |a Sitio visitado https://www.grn.cl/fundamentos_evaluacion_impacto_ambiental.pdf el 27 de octubre de 2025. 
520 |a Este documento presenta el marco conceptual del proceso de evaluación de impacto ambiental, entendido como un instrumento de carácter preventivo que incorpora la dimensión ambiental en las nuevas acciones humanas y en las modificaciones a las obras y actividades existentes. El texto contiene conceptos, pasos e instrumentos explicados en lenguaje simple, y está destinado a apoyar la comprensión de los requisitos ambientales establecidos para revisar anticipadamente diversas acciones humanas. 
856 |y Acceso electrónico al documento  |u https://www.grn.cl/fundamentos_evaluacion_impacto_ambiental.pdf 
942 |c RL 
952 |0 0  |1 0  |4 0  |6 RECURSO_ELECTRÓNICO  |7 0  |8 COMP  |9 101427  |a BR  |b BR  |c Digital  |d 2025-10-27  |l 0  |o Recurso electrónico  |r 2025-10-27 20:04:58  |w 2025-10-27  |y RL  |B GEO 
999 |c 63132  |d 63132